<?xml version="1.0" encoding="UTF-8"?>
<record
    xmlns:xsi="http://www.w3.org/2001/XMLSchema-instance"
    xsi:schemaLocation="http://www.loc.gov/MARC21/slim http://www.loc.gov/standards/marcxml/schema/MARC21slim.xsd"
    xmlns="http://www.loc.gov/MARC21/slim">

  <leader>01722nam a2200277Ia 4500</leader>
  <datafield tag="952" ind1=" " ind2=" ">
    <subfield code="0">0</subfield>
    <subfield code="1">0</subfield>
    <subfield code="4">0</subfield>
    <subfield code="7">0</subfield>
    <subfield code="a">04</subfield>
    <subfield code="b">04</subfield>
    <subfield code="d">2011-09-05</subfield>
    <subfield code="l">6</subfield>
    <subfield code="m">1</subfield>
    <subfield code="o">LB1028.3  B3718  2011</subfield>
    <subfield code="p">04 003568</subfield>
    <subfield code="r">2019-07-24</subfield>
    <subfield code="s">2019-07-24</subfield>
    <subfield code="t">1</subfield>
    <subfield code="w">2012-06-24</subfield>
    <subfield code="y">LB</subfield>
  </datafield>
  <datafield tag="952" ind1=" " ind2=" ">
    <subfield code="0">0</subfield>
    <subfield code="1">0</subfield>
    <subfield code="4">0</subfield>
    <subfield code="7">0</subfield>
    <subfield code="a">04</subfield>
    <subfield code="b">04</subfield>
    <subfield code="d">2014-06-22</subfield>
    <subfield code="l">8</subfield>
    <subfield code="o">LB1028.3  B3718  2011</subfield>
    <subfield code="p">04 004506</subfield>
    <subfield code="r">2019-08-15</subfield>
    <subfield code="s">2019-08-15</subfield>
    <subfield code="t">2</subfield>
    <subfield code="w">2014-06-22</subfield>
    <subfield code="y">LB</subfield>
  </datafield>
  <datafield tag="999" ind1=" " ind2=" ">
    <subfield code="c">62910</subfield>
    <subfield code="d">62910</subfield>
  </datafield>
  <controlfield tag="008">120625s2011    mx            001 0 spa d</controlfield>
  <datafield tag="020" ind1=" " ind2=" ">
    <subfield code="a">9786071706263</subfield>
  </datafield>
  <datafield tag="050" ind1=" " ind2="4">
    <subfield code="a">LB1028.3  B3718  2011</subfield>
    <subfield code="b"> B3718  2011</subfield>
  </datafield>
  <datafield tag="100" ind1="1" ind2=" ">
    <subfield code="a">Bates, Tony, 1939-</subfield>
  </datafield>
  <datafield tag="240" ind1="1" ind2="0">
    <subfield code="a">Technology, open learning and distance education, </subfield>
    <subfield code="l">Espa&#xF1;ol.</subfield>
  </datafield>
  <datafield tag="245" ind1="1" ind2="3">
    <subfield code="a">La tecnolog&#xED;a en la ense&#xF1;anza abierta y la educaci&#xF3;n a distancia </subfield>
    <subfield code="c">  / A.W. (Tony) Bates; traducci&#xF3;n: Juan Samuel Santiago Cruz, Julio Ra&#xFA;l Santiago Cruz.</subfield>
  </datafield>
  <datafield tag="250" ind1=" " ind2=" ">
    <subfield code="a">2a. edici&#xF3;n</subfield>
  </datafield>
  <datafield tag="260" ind1=" " ind2=" ">
    <subfield code="a">M&#xE9;xico </subfield>
    <subfield code="b"> : Trillas</subfield>
    <subfield code="c"> , 2011</subfield>
  </datafield>
  <datafield tag="300" ind1=" " ind2=" ">
    <subfield code="a">362 p&#xE1;ginas</subfield>
    <subfield code="c"> ; 24 cm.</subfield>
  </datafield>
  <datafield tag="500" ind1=" " ind2=" ">
    <subfield code="a">Incluye bibliograf&#xED;a (p. 343-349)
Incluye &#xED;ndice onom&#xE1;stico (p. 351-352)
Incluye &#xED;ndice anal&#xED;tico (p. 353-362)</subfield>
  </datafield>
  <datafield tag="500" ind1=" " ind2=" ">
    <subfield code="a">Traducci&#xF3;n de: Technology, open learning, and distance education</subfield>
  </datafield>
  <datafield tag="505" ind1=" " ind2=" ">
    <subfield code="a">Resumen ejecutivo &#xBF;Qu&#xE9; hemos aprendido sobre la tecnolog&#xED;a, la ense&#xF1;anza abierta y la toma de decisiones?
Tecnolog&#xED;a, toma de decisiones y ense&#xF1;anza abierta y a distancia
Selecci&#xF3;n de tecnolog&#xED;as 
Televisi&#xF3;n educativa 
Textos impresos
Audio unidireccional - bidireccional 
Ense&#xF1;anza basada por computadora
Comunicaci&#xF3;n por computadora
Tecnolog&#xED;a y el futuro de la educaci&#xF3;n</subfield>
  </datafield>
  <datafield tag="519" ind1=" " ind2=" ">
    <subfield code="a">Plan Flexible /</subfield>
    <subfield code="b">Pedagog&#xED;a / </subfield>
    <subfield code="c">Nuevas tecnolog&#xED;as aplicadas a la educaci&#xF3;n (P20) /</subfield>
    <subfield code="d">(04 003568)</subfield>
  </datafield>
  <datafield tag="519" ind1=" " ind2=" ">
    <subfield code="a">Plan Flexible /</subfield>
    <subfield code="b">Pedagog&#xED;a / </subfield>
    <subfield code="c">Nuevas tecnolog&#xED;as aplicadas a la educaci&#xF3;n (P20) /</subfield>
    <subfield code="d">(04 004506)</subfield>
  </datafield>
  <datafield tag="650" ind1="1" ind2=" ">
    <subfield code="a">Tecnolog&#xED;a educativa.  </subfield>
  </datafield>
  <datafield tag="650" ind1="1" ind2=" ">
    <subfield code="a">Educaci&#xF3;n a distancia</subfield>
    <subfield code="z">Estados Unidos</subfield>
  </datafield>
  <datafield tag="650" ind1="3" ind2=" ">
    <subfield code="a">Tecnolog&#xED;a educativa </subfield>
    <subfield code="x"> Innovaciones.</subfield>
  </datafield>
  <datafield tag="700" ind1="1" ind2=" ">
    <subfield code="a">Santiago Cruz, Juan Samuel, </subfield>
    <subfield code="e">traductor</subfield>
  </datafield>
  <datafield tag="700" ind1="1" ind2=" ">
    <subfield code="a">Santiago Cruz, Julio Raul, </subfield>
    <subfield code="e">traductor</subfield>
  </datafield>
  <datafield tag="942" ind1=" " ind2=" ">
    <subfield code="c">LB</subfield>
  </datafield>
</record>
